Music Quiz

Random Music or Disney Quiz
Score 0/252 Timer 15:00
0 Plays Today
% Correct
the
97.2%
a
97.2%
And
97.2%
the
97.2%
a
97.2%
a
97.2%
and
97.2%
the
97.2%
the
97.2%
the
97.2%
a
97.2%
the
97.2%
a
97.2%
a
97.2%
a
97.2%
the
97.2%
the
97.2%
and
97.2%
the
97.2%
the
97.2%
the
97.2%
The
97.2%
the
97.2%
the
97.2%
the
97.2%
the
97.2%
the
97.2%
the
97.2%
and
97.2%
the
97.2%
you
86.8%
you
86.8%
You
86.8%
you
86.8%
you
86.8%
you
86.8%
you
86.8%
You
86.8%
you
86.8%
You
86.8%
You
86.8%
You
86.8%
You
86.8%
you
86.8%
You
86.8%
to
80.6%
to
80.6%
to
80.6%
to
80.6%
to
80.6%
to
80.6%
He
77.1%
is
76.4%
be
74%
be
74%
It
73.6%
it
73.6%
it
73.6%
it
73.6%
do
72.2%
Go
72.2%
do
72.2%
Go
72.2%
Do
72.2%
Go
72.2%
on
71.5%
on
71.5%
on
71.5%
She
70.5%
she
70.5%
She
70.5%
She
70.5%
No
69.1%
see
68.8%
There
67.7%
there
67.7%
know
67.7%
know
67.7%
There
67.7%
Kiss
66.7%
Kiss
66.7%
Kiss
66.7%
in
66.7%
kiss
66.7%
% Correct
kiss
66.7%
kiss
66.7%
kiss
66.7%
kiss
66.7%
kiss
66.7%
kiss
66.7%
kiss
66.7%
kiss
66.7%
girl
66.3%
girl
66.3%
girl
66.3%
girl
66.3%
your
66.3%
girl
66.3%
girl
66.3%
girl
66.3%
girl
66.3%
girl
66.3%
girl
66.3%
girl
66.3%
girl
66.3%
girl
66.3%
don't
64.9%
don't
64.9%
don't
64.9%
don't
64.9%
Don't
64.9%
Don't
64.9%
Don't
64.9%
don't
64.9%
her
64.2%
her
64.2%
why
64.2%
her
64.2%
her
64.2%
her
64.2%
Why
64.2%
want
62.8%
But
62.5%
But
62.5%
you're
62.5%
My
62.5%
my
62.5%
way
61.1%
say
60.4%
at
60.4%
at
60.4%
say
60.4%
say
60.4%
say
60.4%
say
60.4%
got
59.7%
la
59.7%
la
59.7%
la
59.7%
la
59.7%
la
59.7%
la
59.7%
la
59.7%
la
59.7%
la
59.7%
la
59.7%
la
59.7%
la
59.7%
la
59.7%
la
59.7%
la
59.7%
got
59.7%
la
59.7%
la
59.7%
la
59.7%
la
59.7%
la
59.7%
la
59.7%
la
59.7%
la
59.7%
la
59.7%
la
59.7%
la
59.7%
la
59.7%
la
59.7%
la
59.7%
la
59.7%
got
59.7%
% Correct
too
58.7%
too
58.7%
that
58.7%
Too
58.7%
there's
58%
Look
58%
Look
58%
something
56.9%
try
56.3%
wanna
56.3%
try
56.3%
wanna
56.3%
wanna
56.3%
about
55.9%
Sitting
55.2%
oh
55.2%
across
54.9%
lot
54.9%
sha
54.9%
Sha
54.9%
Sha
54.9%
Sha
54.9%
Sha
54.9%
Sha
54.9%
what
54.5%
It's
53.8%
Not
53.8%
dying
52.4%
now
52.4%
word
52.1%
word
52.1%
word
52.1%
word
52.1%
won't
50.3%
shy
50%
how
50%
wants
49.7%
boy
49.7%
Boy
49.7%
ask
49%
Yes
46.9%
take
46.5%
time
45.5%
possible
44.4%
single
44.4%
miss
44.1%
gonna
43.8%
gonna
43.8%
ain't
42.4%
Ain't
42.4%
Ain't
42.4%
blue
42.4%
bad
42%
better
42%
better
42%
scared
41.7%
lagoon
41%
sad
39.2%
shame
39.2%
soon
39.2%
Float
38.9%
Percussion
38.5%
Strings
38.5%
Words
38.5%
Floating
38.2%
would
37.8%
prepared
37.8%
stop
37.8%
Until
37.2%
hide
37.2%
moment
36.5%
gotta
35.1%
Winds
34.7%
Music
34.7%
music
34.7%
song
34.4%
song
34.4%
You've
34%
Now's
33.3%
Listen
31.3%
play
31.3%
along
30.6%
mood
30.2%
only
21.9%
Remove Ads.
Support Sporcle.
Get the best of Sporcle when you Go Orange. This ad-free experience offers more features, more stats, and more fun while also helping to support Sporcle. Thank you for becoming a member.

You're not logged in!

Compare scores with friends on all Sporcle quizzes.
OR
Log In

Show Comments

Extras

Top Quizzes Today


Score Distribution

Your Account Isn't Verified!

In order to create a playlist on Sporcle, you need to verify the email address you used during registration. Go to your Sporcle Settings to finish the process.

Report this User

Report this user for behavior that violates our Community Guidelines.

Details: